000 00429nam a22001457a 4500
020 _a9789380931777
040 _cNust
082 _a620.15
_bASH
100 _aMichael F. Ashby
_9122448
110 _aPaulo J. Ferreira, Daniel L Schodek
_9124696
245 _aNanomaterials, Nanotechnologies and design
260 _aBoston:
_bElsevier,
_c2009.
650 _aNanomaterials, Nanotechnologies and design
_9124697
942 _2ddc
_cBK
999 _c610502
_d610502